00673nam a2200241 a 4500001001300000003000900013005001700022008004100039020001000080082001600090100002200106245001900128260004400147300000800191500003500199505001000234650001800244700002200262902000800284942000700292952011700299999001500416nice12345678IN_TiNIC20260116013011.0050524s1985 gena grp 000 0 eng  ac10000a270.82bKIN aKinnamon, Michael aWhy It Matters aGenevabWorld Council of Churchesc1985 a72p aincludes index and biblioraphy2 aIndex aEcumenicalism1 aKinnamon, Michael bSRS cBK 001040708StackRoom-aHMIbHMId2007-07-18g100.00l0o270.82 KINp012269r2007-07-18v100.00w2005-05-24yBK c9217d9217